Entrepreneurship (Record no. 531091)

MARC details
000 -LEADER
fixed length control field 00918nam a2200289Ia 4500
003 - CONTROL NUMBER IDENTIFIER
control field OSt
005 - DATE AND TIME OF LATEST TRANSACTION
control field 20220925194903.0
008 - FIXED-LENGTH DATA ELEMENTS--GENERAL INFORMATION
fixed length control field 220923b |||||||| |||| 00| 0 eng d
020 ## - INTERNATIONAL STANDARD BOOK NUMBER
International Standard Book Number 9780199077892
037 ## - SOURCE OF ACQUISITION
Terms of availability General Book
040 ## - CATALOGING SOURCE
Original cataloging agency RTL
Transcribing agency RTL
Language of cataloging eng
041 ## - LANGUAGE CODE
Source of code eng
Language code of text/sound track or separate title eng
100 ## - MAIN ENTRY--PERSONAL NAME
Personal name VENTER Robert
9 (RLIN) 252634
245 #0 - TITLE STATEMENT
Title Entrepreneurship
Remainder of title Theory in practice
250 ## - EDITION STATEMENT
Edition statement 3rd
260 ## - PUBLICATION, DISTRIBUTION, ETC.
Place of publication, distribution, etc. Cape
Name of publisher, distributor, etc. Town Oxford University Press Southern Africa
Date of publication, distribution, etc. 2015
300 ## - PHYSICAL DESCRIPTION
Extent xvi,648p
Dimensions cm.
500 ## - GENERAL NOTE
General note Bibliography chapterwise
650 ## - SUBJECT ADDED ENTRY--TOPICAL TERM
Topical term or geographic name entry element Commerce
700 ## - ADDED ENTRY--PERSONAL NAME
Personal name BEDER Laurence
9 (RLIN) 252635
700 ## - ADDED ENTRY--PERSONAL NAME
Personal name URBAN Boris
9 (RLIN) 252636
942 ## - ADDED ENTRY ELEMENTS (KOHA)
Classification part X:328, Q5
Koha item type General Books
Source of classification or shelving scheme Colon Classification (CC)

No items available.

Copyright @ Delhi University Library System